| 000 | 00445nam a2200181Ia 4500 | ||
|---|---|---|---|
| 005 | 20250603145057.0 | ||
| 008 | 250603s9999 xx 000 0 und d | ||
| 020 | _a9788120316256 | ||
| 050 | _aTJ 260 .D88/ | ||
| 100 | _aDutta, Binay K. | ||
| 245 | 0 | _aHeat tranfer : principle and applications | |
| 260 | _aNew Delhi | ||
| 260 | _bPHI Learning Private Limited | ||
| 260 | _c2012 | ||
| 300 | _a525 p | ||
| 650 | _aNew Delhi | ||
| 942 | _cBK | ||
| 999 |
_c40800 _d40800 |
||